Auctions (Record no. 75951)

MARC details
000 -LEADER
fixed length control field 00520cab a2200169 4500
001 - CONTROL NUMBER
control field X131116
008 - FIXED-LENGTH DATA ELEMENTS--GENERAL INFORMATION
fixed length control field 050930n2005 000 0 eng u
035 ## - SYSTEM CONTROL NUMBER
System control number (Sirsi) u131116
041 ## - LANGUAGE CODE
Language code of text/sound track or separate title eng
100 ## - MAIN ENTRY--PERSONAL NAME
Personal name Lawson, David
245 ## - TITLE STATEMENT
Title Auctions
Remainder of title regional stars challenge London supremacy in 2004
260 ## - PUBLICATION, DISTRIBUTION, ETC.
Date of publication, distribution, etc. 2005
490 ## - SERIES STATEMENT
Series statement Property Week
Volume/sequential designation 70(4) 28 January 2005, 161-163(2)
520 ## - SUMMARY, ETC.
Summary, etc. Top UK commercial and residential auctioneers in 2004. Table and commentary.
690 ## - LOCAL SUBJECT ADDED ENTRY--TOPICAL TERM (OCLC, RLIN)
Topical term or geographic name as entry element Auctioneering
9 (RLIN) 6218
942 ## - ADDED ENTRY ELEMENTS (KOHA)
Suppress in OPAC 0

No items available.